Famous Colombian and Venezuelan People - Statistics

General Stats
  • This quiz has been taken 150 times
  • The average score is 10 of 20
Answer Stats
Hint Answer % Correct
Singer whose hips don't lie Shakira
98%
Drug lord of Medellín Pablo Escobar
88%
"Liberator" of South America during the 19th century Simón Bolívar
77%
President of Venezuela, 2002–2013 Hugo Chávez
73%
Buxom star of "Modern Family" Sofía Vergara
72%
President of Venezuela, 2013– Nicolás Maduro
71%
Author of "One Hundred Years of Solitude" Gabriel García Márquez
64%
Most expensive Colombian footballer James Rodríguez
64%
Footballer with a blonde Afro Carlos Valderrama
45%
"Mi Gente" singer J Balvin
43%
Venezuelan general who served as the President of Bolivia and gave his last name to one of its capitals Antonio José de Sucre
39%
Opposition leader who tried to "oust" the above in 2019 Juan Guaidó
35%
2010s president and 2016 Nobel Peace Prize winner Juan Manuel Santos
34%
U.S. first lady dress designer Carolina Herrera
27%
2019 Tour de France winner Egan Bernal
26%
Encanto resident who is the younger sister of Isabela and Luisa Mirabel Madrigal
24%
Tigers slugger who won the Triple Crown in 2012 Miguel Cabrera
20%
First Venezuelan to win a Formula One Grand Prix Pastor Maldonado
20%
Los Angeles Philharmonic director Gustavo Dudamel
17%
Miss Venezuela murdered in 2014 Mónica Spear
14%
No matching quizzes found
Score Distribution
Percent of People with Each Score
Percentile by Number Answered
Your Score History
You have not taken this quiz